000 01049nam a22003012 4500
001 0000003974
005 20151217145747.0
008 070517s xx 000 0 eng d
020 _a0070241503 :
_cKES 1,170
040 _aKABU
_cKABU
050 0 _aQA76.5
_b.G683 1987
100 1 _aGrauer, Robert.
_@0000154268
245 1 0 _aMicrocomputer applications /
_cRobert Grauer, Paul Sugrue.
250 _a3rd ed.
260 _aNew York :
_bMcGraw-Hill,
_cc1987.
300 _axxiii, 551 p.
650 0 _aMicrocomputers.
_@0000154269
700 1 _aSugrue, Paul.
_@0000154270
908 _a070517
950 _@1
999 _c2347
_d2347